00585 a2200121 4500020002100000082001800021245026000039260006300299300002700362650001900389650002400408650003100432 a0784407444 (set) a624.15136 YEG aGeotechnical engineering for transportation projects :bProceedings of Geo-Trans 2004, July 27-31, 2004, Los Angeles, California /csponsored by the Geo-Institute of the American Society of Civil Engineers ; edited by Mishac K. Yegian, Edward Kavazanjian. aReston, Va. :bAmerican Society of Civil Engineers,c2004. a2 v. :bill. ;c22 cm. aSoil mechanics aEngineering geology aTransportation engineering